[Event "HUN Team League Csongrad Region 2018-19 "]
[Site "Csongrád County"]
[Date "2018.11.11"]
[Round "3.1"]
[White "Varga, Gabor"]
[Black "Gyugyi, Peter"]
[Result "1-0"]
[WhiteElo "1698"]
[BlackElo "2002"]
[PlyCount "69"]
[EventDate "2018.09.30"]
[WhiteTeam "Meritum SE III."]
[BlackTeam "Üllési ISE"]

1. e4 c5 2. Nf3 d6 3. d4 cxd4 4. Nxd4 Nf6 5. Nc3 a6 6. f3 e5 7. Nb3 Be6 8. Be3
Be7 9. Be2 Nbd7 10. Nd5 Bxd5 11. exd5 Nb6 12. c4 Na4 13. Nd2 Qa5 14. Rb1 b5 15.
b4 Qd8 16. Qb3 Qd7 17. O-O O-O 18. Rfc1 Rfc8 19. Ne4 bxc4 20. Bxc4 Rcb8 21. Be2
Bd8 22. Rc6 Nxe4 23. fxe4 Bb6 24. Bxb6 Nxb6 25. Rbc1 g6 26. Qe3 Nc8 27. Bxa6
Ne7 28. Rc7 Qd8 29. b5 f5 30. Qg5 Nc6 31. Qxd8+ Nxd8 32. Rc8 fxe4 33. Rxb8 Rxb8
34. Rc8 Rxc8 35. Bxc8 1-0

[Event "HUN Team League Csongrad Region 2018-19 "]
[Site "Csongrád County"]
[Date "2018.11.11"]
[Round "3.1"]
[White "Szekeres, Janos"]
[Black "Farkas, Boldizsar"]
[Result "1-0"]
[WhiteElo "1887"]
[BlackElo "1649"]
[PlyCount "89"]
[EventDate "2018.09.30"]
[WhiteTeam "Üllési ISE"]
[BlackTeam "Meritum SE III."]

1. e4 a6 2. d4 b5 3. Bg5 Bb7 4. Bd3 d6 5. Nf3 Nd7 6. O-O Ngf6 7. Re1 e5 8. c4
Be7 9. cxb5 axb5 10. dxe5 dxe5 11. Bxf6 Bxf6 12. Bxb5 c6 13. Bc4 O-O 14. Nc3
Qc7 15. Qc2 Nb6 16. Bb3 Rfd8 17. Rad1 Be7 18. Nd5 Nxd5 19. exd5 Bf6 20. dxc6
Rxd1 21. Rxd1 Qxc6 22. Qxc6 Bxc6 23. Rc1 Bb7 24. Rc7 Rc8 25. Bxf7+ Kf8 26.
Rxc8+ Bxc8 27. Bd5 Ke7 28. b4 Bd7 29. Nd2 Bg5 30. Ne4 Bc1 31. Bc4 Bc6 32. f3
Ba3 33. b5 Bb7 34. Kf2 h6 35. Ke3 g5 36. h3 Ba8 37. Kd3 Kd7 38. Kc3 Kc7 39. Kb3
Bxe4 40. Kxa3 Bb7 41. Kb4 e4 42. Be2 h5 43. fxe4 Bxe4 44. Bf3 Bf5 45. Bxh5 1-0

[Event "HUN Team League Csongrad Region 2018-19 "]
[Site "Csongrád County"]
[Date "2018.11.11"]
[Round "3.1"]
[White "Kurucz, Gergely"]
[Black "Szabo, Zoltan"]
[Result "0-1"]
[WhiteElo "1585"]
[BlackElo "1783"]
[PlyCount "60"]
[EventDate "2018.09.30"]
[WhiteTeam "Meritum SE III."]
[BlackTeam "Üllési ISE"]

1. e4 e5 2. f4 exf4 3. Nf3 Nf6 4. Nc3 d6 5. d4 Be7 6. Bxf4 O-O 7. Bd3 Nc6 8.
O-O Bg4 9. Be2 h6 10. h3 Bh5 11. g4 Bg6 12. Bd3 a6 13. a3 Qd7 14. Bh2 b5 15. d5
Na5 16. b3 c6 17. e5 Nxd5 18. Nxd5 cxd5 19. Bxg6 fxg6 20. Qxd5+ Kh7 21. exd6
Bf6 22. Be5 Rac8 23. Bxf6 Rxf6 24. Rad1 Rxc2 25. Ne5 Qa7+ 26. Qd4 Qb7 27. Qd5
Qb6+ 28. Rd4 Rd2 29. Rxf6 Rxd4 30. Qf7 Rf4+ 0-1

[Event "HUN Team League Csongrad Region 2018-19 "]
[Site "Csongrád County"]
[Date "2018.11.11"]
[Round "3.1"]
[White "Benke, Andras"]
[Black "Filep, Miklos Sr."]
[Result "1-0"]
[WhiteElo "1774"]
[BlackElo "1529"]
[PlyCount "61"]
[EventDate "2018.09.30"]
[WhiteTeam "Üllési ISE"]
[BlackTeam "Meritum SE III."]

1. c4 f5 2. Nc3 Nf6 3. d4 b6 4. Nf3 Bb7 5. e3 e6 6. b3 Bb4 7. Bd2 O-O 8. Be2 d6
9. O-O Nbd7 10. a3 Bxc3 11. Bxc3 Ne4 12. Bb2 Rc8 13. Nd2 Nxd2 14. Qxd2 Nf6 15.
f3 Qe7 16. Bd3 Rfd8 17. Rae1 d5 18. Qe2 Qd6 19. Rd1 a5 20. Rc1 Qd7 21. Rfd1 Qf7
22. c5 Qe8 23. Rd2 Bc6 24. a4 Rb8 25. cxb6 cxb6 26. Rdc2 Rbc8 27. Ba6 Rc7 28.
Qf2 Qd7 29. Rc3 Ne8 30. Qc2 Ra7 31. Qd3 1-0

[Event "HUN Team League Csongrad Region 2018-19 "]
[Site "Csongrád County"]
[Date "2018.11.11"]
[Round "3.1"]
[White "Febert, Richard"]
[Black "Molnar, Jeno"]
[Result "1/2-1/2"]
[WhiteElo "1488"]
[BlackElo "1633"]
[PlyCount "79"]
[EventDate "2018.09.30"]
[WhiteTeam "Meritum SE III."]
[BlackTeam "Üllési ISE"]

1. e4 e6 2. d4 d5 3. Nc3 Nf6 4. exd5 exd5 5. Nf3 c6 6. Bd3 Be7 7. O-O O-O 8.
Bf4 Nbd7 9. Qd2 Nh5 10. Be3 Qc7 11. Rfe1 g6 12. Bh6 Re8 13. Bg5 Qd8 14. Bxe7
Rxe7 15. Rxe7 Qxe7 16. Re1 Qf8 17. Ne2 Ndf6 18. Nf4 Bd7 19. Ne5 Re8 20. Nxh5
gxh5 21. Bxh7+ Kxh7 22. Qf4 Qg7 23. Re3 Qh6 24. Qh4 Be6 25. h3 Rg8 26. Rf3 Ne4
27. Nxf7 Bxf7 28. Rxf7+ Rg7 29. Rxg7+ Kxg7 30. Qe7+ Kg6 31. Qe8+ Kg7 32. Qe7+
Kg6 33. Qe8+ Kh7 34. Qf7+ Kh8 35. Qe8+ Kh7 36. Qf7+ Kh8 37. Qe8+ Kh7 38. Qf7+
Kh8 39. Qe8+ Kh7 40. Qf7+ 1/2-1/2

[Event "HUN Team League Csongrad Region 2018-19 "]
[Site "Csongrád County"]
[Date "2018.11.11"]
[Round "3.1"]
[White "Heintz, Sebestyen"]
[Black "Varga, Szilvia"]
[Result "1/2-1/2"]
[WhiteElo "1680"]
[BlackElo "1430"]
[PlyCount "47"]
[EventDate "2018.09.30"]
[WhiteTeam "Üllési ISE"]
[BlackTeam "Meritum SE III."]

1. e4 g6 2. Nf3 Bg7 3. Bc4 d6 4. Ng5 e6 5. d4 Nf6 6. Qe2 O-O 7. O-O a6 8. a4 h6
9. Nf3 Nxe4 10. Qxe4 d5 11. Bxd5 Qxd5 12. Qxd5 exd5 13. Bf4 c6 14. c3 Bf5 15.
Nbd2 Nd7 16. Rfe1 Rfe8 17. Nb3 b6 18. a5 b5 19. Rxe8+ Rxe8 20. Re1 Rxe1+ 21.
Nxe1 g5 22. Bd6 Bf8 23. Bc7 Be7 24. f3 1/2-1/2

[Event "HUN Team League Csongrad Region 2018-19 "]
[Site "Csongrád County"]
[Date "2018.11.11"]
[Round "3.1"]
[White "Farkas, Virag"]
[Black "Gabor, Geza"]
[Result "1-0"]
[WhiteElo "1365"]
[BlackElo "1585"]
[PlyCount "121"]
[EventDate "2018.09.30"]
[WhiteTeam "Meritum SE III."]
[BlackTeam "Üllési ISE"]

1. d4 d5 2. e3 Nf6 3. Bd3 Nc6 4. c3 a6 5. Nf3 Bg4 6. Nbd2 e5 7. dxe5 Nxe5 8.
Be2 Bxf3 9. Nxf3 Bd6 10. Nxe5 Bxe5 11. Qc2 O-O 12. Bd3 c5 13. O-O Re8 14. h3
Rc8 15. Rd1 Qb6 16. Be2 Qe6 17. Bf3 b5 18. b3 d4 19. exd4 cxd4 20. c4 d3 21.
Qb1 Bxa1 22. Qxa1 bxc4 23. bxc4 Qxc4 24. Bb2 Re6 25. Rc1 Qxc1+ 26. Bxc1 Re1+
27. Kh2 Rexc1 28. Qd4 h6 29. Qxd3 a5 30. Qa3 R1c5 31. Qa4 Rg5 32. Qd4 Rcc5 33.
a4 Rce5 34. Qc4 Rc5 35. Qd4 Rge5 36. Qd6 Rf5 37. Qd4 Rc1 38. Be2 Rd5 39. Qf4
Rb1 40. Bb5 Rb4 41. Qe3 Rdd4 42. Qc3 Ne4 43. Qc8+ Kh7 44. Qf5+ Kg8 45. Qc8+ Kh7
46. Qf5+ Kh8 47. Qc8+ Kh7 48. Qf5+ g6 49. Qxf7+ Kh8 50. Qxg6 Rd6 51. Qe8+ Kg7
52. Qe7+ Kg8 53. f3 Rg6 54. fxe4 Rb2 55. Bc4+ Kh8 56. Qf8+ Kh7 57. Qf7+ Rg7 58.
Qf5+ Kh8 59. Bf1 Rb1 60. e5 Re1 61. Qf8+ 1-0

[Event "HUN Team League Csongrad Region 2018-19 "]
[Site "Csongrád County"]
[Date "2018.11.11"]
[Round "3.1"]
[White "Hodi, Adam"]
[Black "Tamas, Attila"]
[Result "0-1"]
[WhiteElo "1141"]
[BlackElo "1285"]
[PlyCount "120"]
[EventDate "2018.09.30"]
[WhiteTeam "Üllési ISE"]
[BlackTeam "Meritum SE III."]

1. e4 d5 2. exd5 Qxd5 3. Nc3 Qd8 4. d4 e6 5. Nf3 Bb4 6. Bd2 Nc6 7. Bb5 Nge7 8.
Ne2 Bxd2+ 9. Qxd2 O-O 10. O-O-O a6 11. Bxc6 Nxc6 12. Nf4 Ne7 13. c4 c6 14. Qd3
g6 15. Rd2 b5 16. b3 Qd6 17. g3 bxc4 18. Qxc4 Bb7 19. Qc5 Rfd8 20. Qe5 Rac8 21.
Qxd6 Rxd6 22. Ne5 c5 23. Rhd1 cxd4+ 24. Kb2 Rcd8 25. Nc4 R6d7 26. Nb6 Rd6 27.
Nc4 Bf3 28. Nxd6 Bxd1 29. Rxd4 e5 30. Rxd1 exf4 31. Rd2 fxg3 32. hxg3 Nf5 33.
Nc4 Rxd2+ 34. Nxd2 Nd6 35. a4 Kf8 36. Kc3 Ke7 37. Kb4 Nb7 38. Ne4 Kd7 39. Nc5+
Nxc5 40. Kxc5 Kc7 41. b4 h5 42. b5 axb5 43. axb5 g5 44. Kd4 h4 45. gxh4 gxh4
46. Ke3 h3 47. Kf3 h2 48. Kg2 h1=Q+ 49. Kxh1 Kb6 50. Kg2 Kxb5 51. Kf3 Kc6 52.
Ke4 Kd6 53. Kf5 Ke7 54. f4 f6 55. Kg6 Ke6 56. f5+ Ke5 57. Kh5 Kxf5 58. Kh4 Kf4
59. Kh5 f5 60. Kg6 Kg4 0-1

[Event "HUN Team League Csongrad Region 2018-19 "]
[Site "Csongrád County"]
[Date "2018.11.11"]
[Round "3.2"]
[White "Papp, Bence"]
[Black "Csuri, Laszlo"]
[Result "1/2-1/2"]
[WhiteElo "2061"]
[BlackElo "2008"]
[PlyCount "130"]
[EventDate "2018.09.30"]
[WhiteTeam "Meritum SE II."]
[BlackTeam "Röszkei SK"]

1. e4 d5 2. exd5 Nf6 3. d4 Qxd5 4. Nc3 Qa5 5. Nf3 c6 6. Bc4 Bg4 7. h3 Bxf3 8.
Qxf3 e6 9. Bd2 Qc7 10. O-O Nbd7 11. Bd3 Bd6 12. Rfe1 O-O 13. Ne4 Nxe4 14. Rxe4
Nf6 15. Rh4 Be7 16. Bg5 Rfd8 17. Bxh7+ Nxh7 18. Bxe7 Qxe7 19. Qh5 Qf6 20. Qxh7+
Kf8 21. Qe4 Ke7 22. Re1 Rd6 23. Re3 Rad8 24. c3 g6 25. Rh7 Rh8 26. Rf3 Qxf3 27.
Qh4+ Qf6 28. Qxf6+ Kxf6 29. Rxh8 c5 30. dxc5 Rd1+ 31. Kh2 Rd2 32. Rb8 Rd7 33.
Rc8 Ke5 34. Kg3 f5 35. c6 bxc6 36. Rxc6 Rd3+ 37. f3 Rd2 38. Rc5+ Kd6 39. Rb5 g5
40. a4 f4+ 41. Kh2 e5 42. Rb8 Rc2 43. Rb4 Kd5 44. a5 Kc5 45. h4 g4 46. fxg4 f3
47. Kg1 Rxg2+ 48. Kf1 Kd5 49. Rb7 e4 50. Re7 Rxg4 51. Rxa7 Rxh4 52. Re7 Rh1+
53. Kf2 Rh2+ 54. Kf1 Rxb2 55. a6 Rb1+ 56. Kf2 Rb2+ 57. Kf1 Ra2 58. a7 e3 59.
Rxe3 Rxa7 60. Rxf3 Kc4 61. Ke2 Ra2+ 62. Kd1 Rh2 63. Re3 Rg2 64. Re2 Rxe2 65.
Kxe2 Kxc3 1/2-1/2

[Event "HUN Team League Csongrad Region 2018-19 "]
[Site "Csongrád County"]
[Date "2018.11.11"]
[Round "3.2"]
[White "Retkes, Sandor"]
[Black "Csikos, Mihaly"]
[Result "1-0"]
[WhiteElo "1896"]
[BlackElo "2055"]
[PlyCount "143"]
[EventDate "2018.09.30"]
[WhiteTeam "Röszkei SK"]
[BlackTeam "Meritum SE II."]

1. d4 Nf6 2. Nf3 d5 3. Bf4 e6 4. e3 Bd6 5. Ne5 O-O 6. Nd2 c5 7. c3 b6 8. Bd3
Qc7 9. Bg3 Bb7 10. Rc1 Nbd7 11. Ndf3 Ne4 12. Nxd7 Qxd7 13. Bxe4 dxe4 14. Ng5 h6
15. dxc5 bxc5 16. Bxd6 Rfd8 17. Bxc5 Qb5 18. Qb3 Qxb3 19. axb3 hxg5 20. Rd1 f6
21. Ra1 a6 22. Ke2 Rd5 23. Bb4 Rb5 24. Ra5 Bd5 25. Rha1 Rxa5 26. Rxa5 Bxb3 27.
Rc5 Rd8 28. Rc6 Kf7 29. Rd6 Ra8 30. Kd2 g4 31. Rd7+ Kg6 32. Bd6 e5 33. Rb7 Bc4
34. Rb8 Ra7 35. b3 Bf1 36. g3 Kf5 37. c4 g5 38. Kc3 Ke6 39. Rb6 Kd7 40. Bf8 f5
41. Rg6 Ke8 42. Bh6 Rh7 43. Rxa6 Rd7 44. Ra2 Kf7 45. Bxg5 Rd1 46. Rd2 Re1 47.
Bd8 Bd3 48. Bc7 Ke6 49. Ra2 Rh1 50. Ra6+ Kd7 51. Bxe5 Rxh2 52. Ra7+ Ke6 53. Bf4
Rxf2 54. Ra6+ Ke7 55. Kd4 Rb2 56. Rb6 Bb1 57. b4 Ba2 58. c5 Rd2+ 59. Kc3 Rd3+
60. Kc2 Bb3+ 61. Kb2 Be6 62. c6 Rd2+ 63. Kc1 Ra2 64. Rb7+ Kf6 65. b5 Ra4 66.
Rb8 Rc4+ 67. Kd2 Ke7 68. c7 Rc5 69. b6 Rd5+ 70. Ke1 Rb5 71. b7 Rb1+ 72. Kd2 1-0

[Event "HUN Team League Csongrad Region 2018-19 "]
[Site "Csongrád County"]
[Date "2018.11.11"]
[Round "3.2"]
[White "Tapodi, Norman Lajos"]
[Black "Nagy Dani, Karoly"]
[Result "1-0"]
[WhiteElo "1940"]
[BlackElo "1763"]
[PlyCount "76"]
[EventDate "2018.09.30"]
[WhiteTeam "Meritum SE II."]
[BlackTeam "Röszkei SK"]

1. d4 d5 2. c4 e6 3. Nc3 Nf6 4. Nf3 c6 5. e3 Bd6 6. Bd3 O-O 7. O-O Nbd7 8. Qc2
e5 9. dxe5 Nxe5 10. Nxe5 Bxe5 11. h3 d4 12. Ne2 c5 13. Rd1 Qb6 14. f4 Bc7 15.
exd4 cxd4 16. c5 Qe6 17. Nxd4 Qe8 18. Bd2 Bd7 19. Re1 Qb8 20. Ne2 Bc6 21. b4 a6
22. a4 h6 23. b5 axb5 24. axb5 Rxa1 25. Rxa1 Bd5 26. Ra4 Re8 27. Bc3 Nd7 28.
Rd4 Nf6 29. b6 Bd8 30. Ra4 Bc6 31. Ra1 Ne4 32. Be5 Qc8 33. Bxe4 Bxe4 34. Qxe4
Qxc5+ 35. Kh1 f6 36. Qa4 Re6 37. Qa2 Bxb6 38. Qxe6+ Kh7 1-0

[Event "HUN Team League Csongrad Region 2018-19 "]
[Site "Csongrád County"]
[Date "2018.11.11"]
[Round "3.2"]
[White "Ver, Imre"]
[Black "Daroczi, Donat"]
[Result "0-1"]
[WhiteElo "1763"]
[BlackElo "1871"]
[PlyCount "172"]
[EventDate "2018.09.30"]
[WhiteTeam "Röszkei SK"]
[BlackTeam "Meritum SE II."]

1. d4 e6 2. c4 Bb4+ 3. Bd2 a5 4. a3 Bxd2+ 5. Qxd2 d6 6. Nc3 Nf6 7. e4 O-O 8.
Bd3 Nc6 9. Nge2 Re8 10. O-O e5 11. d5 Nd4 12. Qd1 c5 13. Qb1 Nb3 14. Qc2 Nxa1
15. Rxa1 Bd7 16. b3 Ng4 17. h3 Nh6 18. Ng3 Qg5 19. Qc1 Qxc1+ 20. Rxc1 g6 21. f3
Kg7 22. a4 f5 23. Kh2 f4 24. Nh1 Ng8 25. Nf2 Nf6 26. Rc2 g5 27. Kg1 h5 28. Be2
Kf7 29. Kf1 Rg8 30. Nb5 Ke7 31. Nc7 Rac8 32. Ne6 Bxe6 33. dxe6 Kxe6 34. Rd2 Rg7
35. Rd3 Rcg8 36. Bd1 g4 37. fxg4 hxg4 38. Bxg4+ Nxg4 39. Nxg4 b6 40. Kf2 Rxg4
41. hxg4 Rxg4 42. Rh3 Kf6 43. Rd3 Ke6 44. Rh3 Rg6 45. Kf3 Kf6 46. Kf2 Kg7 47.
Rd3 Rh6 48. Kg1 Kf7 49. Rc3 Kg6 50. Rd3 Kg5 51. Rc3 Kg4 52. Rd3 Rf6 53. Kf2 f3
54. gxf3+ Kf4 55. Rd1 Rh6 56. Rd3 Rh2+ 57. Kf1 Rb2 58. Ke1 Rb1+ 59. Kf2 Rb2+
60. Kf1 Kg3 61. Ke1 Rb1+ 62. Ke2 Rb2+ 63. Ke1 Kg2 64. Kd1 Kf2 65. Kc1 Ke2 66.
Rxd6 Rxb3 67. Kc2 Rb4 68. Kc3 Kxf3 69. Kd3 Rb3+ 70. Kc2 Ra3 71. Rxb6 Rxa4 72.
Kc3 Ra3+ 73. Kb2 Ra4 74. Kc3 Kxe4 75. Rd6 Ra3+ 76. Kc2 Ke3 77. Rd5 e4 78. Kb2
Rd3 79. Rxc5 Kd4 80. Rxa5 Kxc4 81. Ra4+ Kd5 82. Kc2 Ke5 83. Ra8 Rd7 84. Rf8 e3
85. Kc3 Ke4 86. Rf6 e2 0-1

[Event "HUN Team League Csongrad Region 2018-19 "]
[Site "Csongrád County"]
[Date "2018.11.11"]
[Round "3.2"]
[White "Palotai, Bendeguz"]
[Black "Bartos, Ferenc"]
[Result "1-0"]
[WhiteElo "1947"]
[BlackElo "1756"]
[PlyCount "65"]
[EventDate "2018.09.30"]
[WhiteTeam "Meritum SE II."]
[BlackTeam "Röszkei SK"]

1. d4 f5 2. Nf3 e6 3. c4 Bb4+ 4. Nc3 Nf6 5. Bf4 Be7 6. e3 d6 7. h3 O-O 8. Be2
Qe8 9. O-O Bd8 10. Bh2 Kh8 11. b4 Qg6 12. c5 Ne4 13. Nb5 a6 14. cxd6 axb5 15.
dxc7 Nc6 16. cxd8=R Rxd8 17. Qb3 Rd5 18. Rfc1 Qf6 19. a4 bxa4 20. Rxa4 Rxa4 21.
Qxa4 g5 22. b5 g4 23. bxc6 b5 24. Qa8 g3 25. Bxg3 Nxg3 26. Qxc8+ Rd8 27. Qxd8+
Qxd8 28. fxg3 Qc7 29. Bxb5 Kg7 30. Ne5 h5 31. h4 Kf6 32. Bd3 Kg7 33. Rb1 1-0

[Event "HUN Team League Csongrad Region 2018-19 "]
[Site "Csongrád County"]
[Date "2018.11.11"]
[Round "3.2"]
[White "Sipos, Kalman"]
[Black "Fabian, Istvan"]
[Result "1/2-1/2"]
[WhiteElo "1703"]
[BlackElo "1743"]
[PlyCount "132"]
[EventDate "2018.09.30"]
[WhiteTeam "Röszkei SK"]
[BlackTeam "Meritum SE II."]

1. e4 c5 2. c3 Nc6 3. d4 cxd4 4. cxd4 d6 5. Nf3 Nf6 6. Nc3 g6 7. Be2 Bg7 8. O-O
O-O 9. h3 e5 10. dxe5 dxe5 11. Be3 Qa5 12. a3 Rd8 13. Qc2 Nd4 14. Bxd4 exd4 15.
Nb5 Nxe4 16. Nbxd4 Bxd4 17. Nxd4 Rxd4 18. Bd3 Qd5 19. Rad1 Nc5 20. Be2 Bf5 21.
Qc3 Nb3 22. Bf3 Qe6 23. Rxd4 Rc8 24. Qb4 a5 25. Qd6 Nxd4 26. Qxd4 Qb3 27. Re1
Be6 28. Qf6 b6 29. Kh2 Rc5 30. Rd1 Rc8 31. Rd2 Qb5 32. Rd6 Qc5 33. Rd2 Qf5 34.
Qd4 Rc4 35. Qe3 Qf4+ 36. Qxf4 Rxf4 37. Kg3 Rf5 38. Rd8+ Kg7 39. Rb8 Rb5 40. a4
Rxb2 41. Bc6 Rb4 42. Bb5 Bb3 43. Rb7 Bxa4 44. Bxa4 Rxa4 45. Rxb6 Ra1 46. Ra6 a4
47. Kf3 a3 48. Ke2 a2 49. g3 g5 50. Kf3 Rh1 51. Rxa2 Rxh3 52. Kg2 Rh6 53. Ra5
g4 54. Rg5+ Rg6 55. Ra5 Rf6 56. Rg5+ Rg6 57. Ra5 h6 58. Rb5 Rf6 59. Ra5 Rf3 60.
Rb5 Kg6 61. Ra5 h5 62. Rb5 h4 63. gxh4 f5 64. Rb8 Kg7 65. Rb7+ Kg6 66. Rb8 Kg7
1/2-1/2

[Event "HUN Team League Csongrad Region 2018-19 "]
[Site "Csongrád County"]
[Date "2018.11.11"]
[Round "3.2"]
[White "Kiss, Rebeka"]
[Black "Abraham, Lajos"]
[Result "1/2-1/2"]
[WhiteElo "1707"]
[BlackElo "1635"]
[PlyCount "113"]
[EventDate "2018.09.30"]
[WhiteTeam "Meritum SE II."]
[BlackTeam "Röszkei SK"]

1. e4 c5 2. Nf3 d6 3. d4 cxd4 4. Nxd4 Nc6 5. Nc3 g6 6. Be3 Bg7 7. Qd2 Bd7 8.
Be2 Nf6 9. f3 O-O 10. O-O-O a6 11. g4 b5 12. Nxc6 Bxc6 13. Bh6 b4 14. Bxg7 Kxg7
15. Nd5 Nxd5 16. exd5 Bb5 17. Bxb5 axb5 18. Qxb4 Qb6 19. Rhe1 Rxa2 20. Rxe7
Ra1+ 21. Kd2 Qf2+ 22. Re2 Rxd1+ 23. Kxd1 Qxf3 24. Qe4 Qf1+ 25. Kd2 Qf6 26. c3
Rc8 27. Qe7 Qxe7 28. Rxe7 Rc5 29. Rd7 Rxd5+ 30. Ke3 Kf6 31. Ke4 Ke6 32. Rb7
Re5+ 33. Kd4 h5 34. gxh5 Rxh5 35. b4 Rh4+ 36. Kd3 Rh3+ 37. Kd4 Rh4+ 38. Kd3
Rh3+ 39. Kd4 Rh5 40. Kd3 Rd5+ 41. Ke3 Rh5 42. Kd4 Re5 43. Kd3 g5 44. c4 bxc4+
45. Kxc4 f5 46. Rg7 f4 47. Rg6+ Kd7 48. b5 Rf5 49. Rg7+ Kc8 50. Rg8+ Kb7 51.
Rg7+ Kb6 52. Rg6 Rc5+ 53. Kd3 Kxb5 54. Rxd6 g4 55. Rg6 Rh5 56. Rxg4 Rxh2 57.
Rxf4 1/2-1/2

[Event "HUN Team League Csongrad Region 2018-19 "]
[Site "Csongrád County"]
[Date "2018.11.11"]
[Round "3.3"]
[White "Balassy, Gabor"]
[Black "Volosin, Vladimir"]
[Result "1/2-1/2"]
[WhiteElo "1818"]
[BlackElo "2240"]
[PlyCount "110"]
[EventDate "2018.09.30"]
[WhiteTeam "Makói SVSE III."]
[BlackTeam "Szentesi Sakk SE II."]

1. d4 c6 2. Nf3 d5 3. e3 Bf5 4. Bd3 Bg6 5. O-O Nf6 6. Qe2 e6 7. Nbd2 Nbd7 8. c4
Be7 9. b3 O-O 10. Bxg6 hxg6 11. Bb2 a5 12. a3 a4 13. b4 dxc4 14. Qxc4 Nb6 15.
Qc2 Qd5 16. e4 Qh5 17. Rfe1 g5 18. Nf1 g4 19. Ne5 Rac8 20. Ng3 Qh4 21. Nc4 Nxc4
22. Qxc4 Qg5 23. Rad1 Rfd8 24. Bc1 Qb5 25. Qc2 b6 26. e5 Nd5 27. Ne4 c5 28.
dxc5 bxc5 29. bxc5 Bxc5 30. Qe2 Qxe2 31. Rxe2 Bd4 32. Bg5 f6 33. exf6 Nxf6 34.
Bxf6 gxf6 35. Red2 f5 36. Ng3 Bf6 37. Rxd8+ Rxd8 38. Rxd8+ Bxd8 39. Ne2 Bf6 40.
Nc1 Bb2 41. Na2 Kf7 42. Kf1 e5 43. Ke2 Ke6 44. Kd3 Bxa3 45. Nc3 Bc5 46. Nxa4
Bxf2 47. Nc3 Bg1 48. h3 gxh3 49. gxh3 Bf2 50. Kd2 e4 51. Ke2 Bh4 52. Ke3 Ke5
53. Ne2 f4+ 54. Kd2 f3 55. Nc3 e3+ 1/2-1/2

[Event "HUN Team League Csongrad Region 2018-19 "]
[Site "Csongrád County"]
[Date "2018.11.11"]
[Round "3.3"]
[White "Udvardi, Zalan"]
[Black "Kopias, Ferenc"]
[Result "1-0"]
[WhiteElo "2212"]
[BlackElo "1797"]
[PlyCount "39"]
[EventDate "2018.09.30"]
[WhiteTeam "Szentesi Sakk SE II."]
[BlackTeam "Makói SVSE III."]

1. e4 Nf6 2. e5 Nd5 3. d4 d6 4. c4 Nb6 5. exd6 cxd6 6. Nc3 g6 7. Be3 Bg7 8. Be2
O-O 9. h4 f5 10. g3 h5 11. Nh3 Be6 12. Ng5 Bf7 13. Nxf7 Rxf7 14. c5 dxc5 15.
dxc5 Qxd1+ 16. Rxd1 Bxc3+ 17. bxc3 Na4 18. Rd8+ Kg7 19. Bd4+ Rf6 20. O-O 1-0

[Event "HUN Team League Csongrad Region 2018-19 "]
[Site "Csongrád County"]
[Date "2018.11.11"]
[Round "3.3"]
[White "Csibor, Andras"]
[Black "Bardos, Istvan"]
[Result "0-1"]
[WhiteElo "1807"]
[BlackElo "1889"]
[PlyCount "60"]
[EventDate "2018.09.30"]
[WhiteTeam "Makói SVSE III."]
[BlackTeam "Szentesi Sakk SE II."]

1. d4 Nf6 2. c4 e6 3. Nc3 d5 4. cxd5 exd5 5. e3 c6 6. Bd3 Bd6 7. Nf3 O-O 8. O-O
Re8 9. h3 Nbd7 10. Qc2 h6 11. a3 a5 12. Bd2 Nf8 13. Rfe1 Be6 14. Bf5 Bxf5 15.
Qxf5 g6 16. Qc2 Ne4 17. Re2 f5 18. Be1 Qf6 19. g3 Re7 20. Kg2 g5 21. Nh2 h5 22.
Na4 h4 23. Nf1 f4 24. exf4 gxf4 25. f3 Nxg3 26. Nxg3 hxg3 27. Bc3 Ng6 28. Rxe7
Nh4+ 29. Kh1 Qxe7 30. Qd3 Qe6 0-1

[Event "HUN Team League Csongrad Region 2018-19 "]
[Site "Csongrád County"]
[Date "2018.11.11"]
[Round "3.3"]
[White "Kozak, Janos"]
[Black "Kralik, Attila"]
[Result "1-0"]
[WhiteElo "1513"]
[BlackElo "1686"]
[PlyCount "49"]
[EventDate "2018.09.30"]
[WhiteTeam "Szentesi Sakk SE II."]
[BlackTeam "Makói SVSE III."]

1. c4 Nf6 2. Nc3 g6 3. d4 Bg7 4. g3 d6 5. Nf3 O-O 6. Bg2 Be6 7. b3 Qc8 8. O-O
Bh3 9. e4 Bxg2 10. Kxg2 c5 11. Bb2 Nbd7 12. Re1 cxd4 13. Nxd4 Re8 14. Qd2 Ne5
15. f4 Neg4 16. h3 Nh6 17. Nd5 a6 18. Rac1 Rb8 19. e5 dxe5 20. fxe5 Nh5 21. e6
f5 22. Ba3 Qd8 23. Rcd1 b5 24. Nc6 Qc8 25. Ncxe7+ 1-0

[Event "HUN Team League Csongrad Region 2018-19 "]
[Site "Csongrád County"]
[Date "2018.11.11"]
[Round "3.4"]
[White "Adok, Janos"]
[Black "Koszta, Benedek"]
[Result "1-0"]
[WhiteElo "2237"]
[BlackElo "1905"]
[PlyCount "105"]
[EventDate "2018.09.30"]
[WhiteTeam "Vásárhelyi Pákozdy FSSE"]
[BlackTeam "Maróczy Géza SE IV."]

1. c4 c5 2. Nf3 Nc6 3. d4 cxd4 4. Nxd4 Nf6 5. Nc3 d6 6. e4 g6 7. Be2 Bg7 8. Be3
O-O 9. Qd2 Bd7 10. f3 Nxd4 11. Bxd4 Bc6 12. O-O a6 13. b4 Rc8 14. a4 Bd7 15. a5
Be6 16. Nd5 Bxd5 17. exd5 Nd7 18. Rfc1 Re8 19. f4 e5 20. dxe6 Rxe6 21. Bf3 Rc7
22. Bd5 Re8 23. Rab1 Bxd4+ 24. Qxd4 Qf6 25. Qf2 Nf8 26. Re1 Ne6 27. Re4 Rce7
28. Rbe1 Nd8 29. Rxe7 Rxe7 30. Rxe7 Qxe7 31. Kf1 Nc6 32. Qb6 Qf6 33. Bxc6 bxc6
34. Qxc6 Qxf4+ 35. Ke2 Qe5+ 36. Kd3 Qf5+ 37. Kc3 Qe5+ 38. Kb3 Qd4 39. Qd5 Qa1
40. Qxd6 Qb1+ 41. Kc3 Qa1+ 42. Kd2 Qa2+ 43. Kd3 Qxg2 44. Qxa6 Qf3+ 45. Kd4 Qf4+
46. Kd5 Qf5+ 47. Kc6 Qe6+ 48. Kb5 Qe5+ 49. c5 f5 50. Qd6 Qe2+ 51. Kb6 Qe4 52.
c6 Kg7 53. c7 1-0

[Event "HUN Team League Csongrad Region 2018-19 "]
[Site "Csongrád County"]
[Date "2018.11.11"]
[Round "3.4"]
[White "Buzas, Andras"]
[Black "Tenk, Zoltan"]
[Result "0-1"]
[WhiteElo "1756"]
[BlackElo "1922"]
[PlyCount "84"]
[EventDate "2018.09.30"]
[WhiteTeam "Vásárhelyi Pákozdy FSSE"]
[BlackTeam "Maróczy Géza SE IV."]

1. Nf3 d5 2. b3 Nf6 3. Bb2 e6 4. g3 c5 5. d3 Nc6 6. Bg2 d4 7. O-O Be7 8. c3 e5
9. cxd4 exd4 10. Nbd2 Be6 11. Ng5 Bd5 12. Nge4 O-O 13. Rc1 b6 14. Nxf6+ Bxf6
15. Ne4 Be7 16. f3 f5 17. Nf2 Bg5 18. f4 Bxg2 19. Kxg2 Qd5+ 20. Kg1 Bf6 21. Nh3
Rac8 22. Rb1 Qe6 23. Rf2 Nb4 24. Ra1 Nd5 25. Qd2 Nc3 26. Kf1 Nd5 27. Re1 Rf7
28. Bc1 Re7 29. Qb2 Qc6 30. Kg1 Ne3 31. b4 c4 32. b5 Qc5 33. dxc4 Ng4 34. Qc2
Nxf2 35. Nxf2 Rec7 36. Kf1 g6 37. e4 dxe3 38. Nd3 Qxc4 39. Qxc4+ Rxc4 40. Bxe3
Rc3 41. Ke2 Rc2+ 42. Kf3 Rxa2 0-1

[Event "HUN Team League Csongrad Region 2018-19 "]
[Site "Csongrád County"]
[Date "2018.11.11"]
[Round "3.4"]
[White "Pluhar, Andras"]
[Black "Markus, Molli Amina"]
[Result "1-0"]
[WhiteElo "1813"]
[BlackElo "1614"]
[PlyCount "103"]
[EventDate "2018.09.30"]
[WhiteTeam "Maróczy Géza SE IV."]
[BlackTeam "Vásárhelyi Pákozdy FSSE"]

1. e4 e6 2. d4 d5 3. Bd3 dxe4 4. Bxe4 Nf6 5. Bf3 Bd6 6. Ne2 O-O 7. O-O h6 8.
Nbc3 a6 9. Be3 Qe7 10. Re1 e5 11. Ng3 exd4 12. Bxd4 Qd8 13. Nce4 Nxe4 14. Nxe4
Nc6 15. Nxd6 Qxd6 16. Bc3 Qxd1 17. Raxd1 Nd8 18. Bb4 Ne6 19. Bxf8 Kxf8 20. g3
Ke7 21. Bg2 Rb8 22. f4 f5 23. Rd5 Kf6 24. c3 g6 25. Rde5 c6 26. Bf1 b5 27. a4
Bd7 28. axb5 axb5 29. Rd1 Rb7 30. Bg2 Rc7 31. h4 h5 32. Rd6 Ke7 33. Rd1 Ra7 34.
b4 Rc7 35. Rde1 Kf6 36. Rd1 Ke7 37. Bf1 Rc8 38. Ra1 Kf6 39. Ra7 Ke7 40. c4 Kd6
41. cxb5 cxb5 42. Ra6+ Ke7 43. Bxb5 Bxb5 44. Rxb5 Rc1+ 45. Kg2 Rc2+ 46. Kh3 Nc7
47. Rb7 Kd7 48. Rxg6 Kc8 49. Rbb6 Nd5 50. Rbc6+ Rxc6 51. Rxc6+ Kd7 52. b5 1-0